Barros Arana: Límites con Chile

Guardat en:
Dades bibliogràfiques
Autors principals: Montes de Oca, Manuel Augusto (autor), Bilbao, Manuel (Autor)
Format: Llibre
Idioma:espanyol
Publicat: Santiago Imprenta de la Librería Americana 1885
Edició:1a. ed
Matèries:
Etiquetes: Afegir etiqueta
Sense etiquetes, Sigues el primer a etiquetar aquest registre!

MARC

LEADER 00000nam a2200000 a 4500
001 UCJ4110
003 CL-VaPUC
008 070124e18850000cl |||||||||||||||||spa|d
082 0 4 |a 983  |b MON  |2 21 
100 |a Montes de Oca, Manuel Augusto  |e autor  |9 507055 
700 0 |a Bilbao, Manuel  |e author  |9 507056 
245 1 0 |a Barros Arana: Límites con Chile 
246 1 0 |a Exposición que hace Manuel Bilbao de sus actos confidenciales en las negociaciones que precedieron al Tratado de 1881 entre las Repúblicas de Chile i Arjentina. 1875, 1881 
250 |a 1a. ed 
300 |a 100 p 
942 |c BK 
945 |d 20070124 00:00:00  |a rinostro 
260 |a Santiago  |b Imprenta de la Librería Americana  |c 1885 
500 |a El volumen que contiene estas dos obras está rotulado: Barros Bilbao, Límites con Chile 
600 0 |a Barros Arana, Diego  |9 316241 
600 0 |a Ibáñez Gutiérrez, Adolfo   |d 1827-1898  |9 506736 
600 0 7 |a ERRAZURIZ, FEDERICO  |2 CL-VaPUC  |9 504708 
650 0 |a Diplomacia  |9 256483 
650 0 |a Límites   |9 255439 
650 7 |a DOCUMENTOS  |2 CL-VaPUC  |9 366450 
650 0 |a Tratados internacionales   |9 256056 
651 0 |a Argentina  |9 254888 
651 7 |a CHILE  |2 CL-VaPUC  |9 507057 
583 |a last modification  |c 20150511 05:58:20  |k Rodrigo Vera 
999 |c 320227  |d 320225 
952 |0 0  |1 0  |4 0  |6 983_000000000000000_MON_1885  |7 0  |8 X  |9 398706  |a FDOBUD  |b FDOBUD  |d 2019-11-22  |i 1013858  |o 983 MON 1885  |p 1013858  |r 2019-11-22  |w 2019-11-22  |y BK_X  |k BUD